|
|
|
|
| LEADER |
00000nam a2200000 a 4500 |
| 001 |
vtls001349971 |
| 003 |
SK-MaSNL |
| 005 |
20260301114811.0 |
| 008 |
251113s1998 xo ra 0000f slo |
| 015 |
|
|
|a SNBA1999/02-00562
|
| 020 |
|
|
|a 8071186341
|
| 035 |
|
|
|a SNK000303294
|
| 035 |
|
|
|a urn:nbn:sk:snk-amkilh
|
| 035 |
|
|
|a urn:nbn:sk:snk-am008hbi
|
| 035 |
|
|
|a AB14FD4F-41A1-45BA-A849-A2D9EE1A1B26
|
| 040 |
|
|
|a SNK
|b slo
|a SNK
|e AACR2
|c SNK
|
| 041 |
1 |
|
|a slo
|h eng
|
| 044 |
|
|
|a xo
|c SK
|
| 080 |
|
|
|a 820 (73)-3
|2 1981
|
| 100 |
1 |
|
|a Cook, Robin,
|d 1940-
|4 aut
|9 89343
|
| 240 |
1 |
0 |
|a Toxin
|l Slovensky
|
| 245 |
1 |
0 |
|a Toxín
|c Robin Cook ; [z anglického originálu preložil Patrick Frank]
|
| 260 |
|
|
|a Bratislava
|b Ikar
|c 1998
|
| 300 |
|
|
|a 221 s.
|c 24 cm
|
| 490 |
1 |
|
|a Knihy Robina Cooka
|
| 655 |
|
7 |
|a americké romány
|2 SNK
|9 1174
|
| 700 |
1 |
|
|a Frank, Patrick,
|d 1967-
|4 trl
|9 194015
|
| 830 |
|
0 |
|a Knihy Robina Cooka
|9 276480
|
| 919 |
|
|
|a 80-7118-634-1
|
| 954 |
|
|
|a beletria cudzojazyčná (svetová)
|2 lita
|
| 958 |
|
|
|a LX
|
| 958 |
|
|
|a NB
|
| 968 |
|
|
|b ENG
|
| 999 |
|
|
|c 719787
|d 721717
|
| 952 |
|
|
|t P60, <03>, [BOOK], {603}
|a SNK
|b SNK
|y PREZ
|7 0
|p 17A0171516
|o snkSC 97366
|i snkKSP 11201/98
|0 0
|1 0
|4 0
|d 1998-12-03
|f 1
|l 0
|r 2025-09-16 00:00:00
|w 2026-02-23
|
| 952 |
|
|
|t P60, <05>, [BOOK], {605}
|a SNK
|b SNK
|y PREZ
|7 0
|p 17A0171517
|o snkSC 97366 D1
|i snkKSP 11202/98
|0 0
|1 0
|4 0
|d 1998-12-03
|l 0
|r 2005-01-02 00:00:00
|w 2026-02-23
|